000 00313nam a2200133Ia 4500
100 _aPlastock/ Roy/ Kalley/G
942 _cBK
654 _acomputer
245 _aTheory & problems of Computer Graphics
260 _bMc Graw Hill
_aNew York
_c1986
082 _a6.6
_bPLA/KAL
300 _a340
546 _aENGLISH
999 _c30635
_d30635